000 04562nam a2201825 i 4500
003 PE-LiUPU
005 20250813170020.0
007 ta
008 130522s2010 pe a f 000 u spa
020 _a9786124069215
040 _aPE-LiUPU
_bspa
_cPE-LiUPU
_erda
082 0 4 _a658.403
_bT823d
_223
100 1 _aTricker, Bob.
_eautor.
245 1 0 _aDirección corporativa :
_bAciertos y errores de un puesto clave /
_cBob Tricker.
250 _aPrimera edición.
260 3 _e
264 _aLima :
_bThe Economist,
_c2010.
300 _a288 páginas :
_bilustrado ;
_c22 centímetros.
490 0 _a(Nueva economía)
500 _aIncluye prólogo e introducción.
504 _aBibliografía: página 288.
505 _aDirectores y la crisis financiera global -- El Código Combinado del Reino Unido sobre el Gobierno Corporativo -- Los principios de la OCDE para el gobierno Corporativo -- Las competencias fundamentales de los directores de la compañía -- Lista de verificación para la efectividad de los directorios -- Fuentes de información -- Lecturas recomendadas.
526 _aP203
526 _aP200
526 _aSEG65
526 _aSEG64
526 _aSEG63
526 _aSEG62
526 _aSEG61
526 _aSEG60
526 _aSEG59
526 _aSEG58
526 _aSEG57
526 _aSEG56
526 _aSEG55
526 _aSEG54
526 _aSEG53
526 _aSEG52
526 _aSEG51
526 _aSEG50
526 _aSEG49
526 _aSEG48
526 _aSEG47
526 _aSEG46
526 _aSEG24
526 _aSEG23
526 _aSEG22
526 _aSEG21
526 _aSEG20
526 _aSEG19
526 _aSEG18
526 _aSEG17
526 _aSEG16
526 _aSEG14
526 _aSEG13
526 _aSEG12
526 _aSEG11
526 _aSEG10
526 _aSEG09
526 _aSEG06
526 _aSEG05
526 _aSEG04
526 _aSEG03
526 _aSEG02
526 _aSEG68
526 _aSEG66
526 _aSEG45
526 _aSEG25
526 _aSEG01
526 _aP163
526 _aP162
526 _aP161
526 _aP160
526 _aP159
526 _aP158
526 _aP157
526 _aP156
526 _aP155
526 _aP154
526 _aP153
526 _aP152
526 _aP151
526 _aP150
526 _aP149
526 _aP142
526 _aP141
526 _aP140
526 _aP139
526 _aP138
526 _aP137
526 _aP132
526 _aP131
526 _aP130
526 _aP126
526 _aP125
526 _aP124
526 _aP123
526 _aP115
526 _aP122
526 _aP121
526 _aP116
526 _a P114
526 _aP112
526 _aP111
526 _aP104
526 _aP103
526 _aP102
526 _aP101
526 _aP100
526 _aP96
526 _aP95
526 _aP93
526 _aP92
526 _aP91
526 _aP88
526 _aP83
526 _aP82
526 _aP79
526 _aP78
526 _aP75
526 _aP74
526 _aP71
526 _aP69
526 _a P51
526 _aP49
526 _aP48
526 _aP47
526 _aP33
526 _aP31
526 _a P30
526 _aP29
526 _aP27
526 _aP26
526 _aP25
526 _aP24
526 _a P22
526 _aP10
526 _aP09
526 _a P08
526 _aP06
526 _aP05
526 _aP04
526 _aP01
650 1 4 _aAdministración
_vManuales, etc.
650 2 8 _aEjecutivos
_xActitudes.
650 2 8 _aDirectores de compañías
_xActitudes.
650 2 4 _aEmpresas
_94109
942 _2ddc
_cBK
_n0
980 _618228
_aChristian Lazo Analista Documental
_81
_gALBERTO SANCHEZ Responsable de Automatización
999 _c62453
_d62452